000 00774nam a22002177a 4500
005 20100810101138.0
010 _aENG-99250
020 _a9788190649353
_c500.00
035 _aEN-82782
037 _bDBAD/PUB
082 _a381.41
100 _aPawar, Y. T.
_99828
245 _aMarketing of agricultural produce /
_cby Y. T. Pawar
260 _aKanpur
_bSahitya Sagar
_c2009
270 _a128/23-R, Ravindra Nagar, Yashoda Nagar
_bKanpur
_e208 011
300 v _a176p.
_c22cm (Hb)
500 _aIncludes bibliographical references
650 _aFarm produce marketing
_99829
942 _2ddc
_cEN
_h381.41
_mPAW
999 _c40529
_d40529